书目信息 |
| 题名: |
化肥农药减施增效技术
|
|
| 作者: | 才金华 , 徐钦军 , 董德龙 , 鲍金平 主编 | |
| 分册: | ||
| 出版信息: | 北京 中国农业科学技术出版社 2019.7 |
|
| 页数: | 160页 | |
| 开本: | 21cm | |
| 丛书名: | 乡村振兴之农民素质教育提升系列丛书 | |
| 单 册: | ||
| 中图分类: | S147.2 , S48 | |
| 科图分类: | ||
| 主题词: | 施肥 , 农药施用 | |
| 电子资源: | ||
| ISBN: | 978-7-5116-4314-8 | |
| 000 | 01322oam2 2200313 45 | |
| 001 | 012001003647 | |
| 005 | 20131105092124.0 | |
| 010 | @a978-7-5116-4314-8@dCNY26.00 | |
| 100 | @a20190723d2019 em y0chiy0110 ea | |
| 101 | 0 | @achi |
| 102 | @aCN@b110000 | |
| 105 | @ay z 000yy | |
| 106 | @ar | |
| 200 | 1 | @a化肥农药减施增效技术@9hua fei nong yao jian shi zeng xiao ji shu@f才金华,徐钦军,董德龙,鲍金平主编 |
| 210 | @a北京@c中国农业科学技术出版社@d2019.7 | |
| 215 | @a160页@d21cm | |
| 225 | 2 | @a乡村振兴之农民素质教育提升系列丛书 |
| 330 | @a本书在农业部印发的《到2020年化肥使用量零增长行动方案》和《到2020年农药使用量零增长行动方案》指导下,对化肥农药减施增效概述、测土配方施肥技术、有机肥替代技术、秸秆还田技术、水肥一体化技术、农业防治技术、精准施药技术、绿色防治技术等方面进行了详细分析,力求对化肥农药减施增效的实施有所启发。本书语言通俗,内容新颖,具有较强的实用性和可读性,对农业生产者和农技推广人员具有重要的参考价值。 | |
| 461 | 0 | @12001 @a乡村振兴之农民素质教育提升系列丛书 |
| 606 | 0 | @a施肥 |
| 606 | 0 | @a农药施用 |
| 690 | @aS147.2@v5 | |
| 690 | @aS48@v5 | |
| 701 | 0 | @a才金华@9cai jin hua@4主编 |
| 701 | 0 | @a徐钦军@9xu qin jun@4主编 |
| 701 | 0 | @a董德龙@9dong de long@4主编 |
| 701 | 0 | @a鲍金平@9bao jin ping@4主编 |
| 801 | 0 | @aCN@b上海新华@c20191020 |
| 905 | @b1206115-7@dS147.2@e118@f3 | |
| 化肥农药减施增效技术/才金华,徐钦军,董德龙,鲍金平主编.-北京:中国农业科学技术出版社,2019.7 |
| 160页;21cm.-(乡村振兴之农民素质教育提升系列丛书) |
| ISBN 978-7-5116-4314-8:CNY26.00 |
| 本书在农业部印发的《到2020年化肥使用量零增长行动方案》和《到2020年农药使用量零增长行动方案》指导下,对化肥农药减施增效概述、测土配方施肥技术、有机肥替代技术、秸秆还田技术、水肥一体化技术、农业防治技术、精准施药技术、绿色防治技术等方面进行了详细分析,力求对化肥农药减施增效的实施有所启发。本书语言通俗,内容新颖,具有较强的实用性和可读性,对农业生产者和农技推广人员具有重要的参考价值。 |
| ● |
| 相关链接 |
|
|
|
|
正题名:化肥农药减施增效技术
索取号:S147.2/118
 
预约/预借
| 序号 | 登录号 | 条形码 | 馆藏地/架位号 | 状态 | 备注 |
| 1 | 1206115 | 212061150 | 第二样本阅览室/ [索取号:S147.2/118] | 在馆 | |
| 2 | 1206116 | 212061169 | 第三借阅区/ [索取号:S147.2/118] | 在馆 | |
| 3 | 1206117 | 212061178 | 第三借阅区/ [索取号:S147.2/118] | 在馆 |